Metodický postup spracovania akreditačného spisu v študijných odboroch 3.3.16 Ekonomika a manažment podniku a 3.3.9 Obchodné podnikanie na Podnikovohospodárskej fakulte Ekonomickej univerzity v Bratislave so sídlom v Košiciach
Na minha lista:
| Autor principal: | |
|---|---|
| Autor Corporativo: | |
| Outros Autores: | , , , , |
| Formato: | Livro |
| Idioma: | eslovaco |
| Publicado em: |
Bratislava
Vydavateľstvo EKONÓM
2014
|
| Edição: | 1. vyd. |
| Assuntos: | |
| Tags: |
Sem tags, seja o primeiro a adicionar uma tag!
|
MARC
| LEADER | 00000nlm a2200000 4500 | ||
|---|---|---|---|
| 001 | 0193411 | ||
| 005 | 20240507100409.7 | ||
| 020 | |a 978-80-225-3880-0 | ||
| 041 | 0 | |a slo | |
| 044 | |a SK | ||
| 245 | 1 | 0 | |a Metodický postup spracovania akreditačného spisu v študijných odboroch 3.3.16 Ekonomika a manažment podniku a 3.3.9 Obchodné podnikanie na Podnikovohospodárskej fakulte Ekonomickej univerzity v Bratislave so sídlom v Košiciach |c Michal Tkáč, Vanda Lieskovská, Pavol Andrejovský ; recenzenti: Milan Majerník, Bohuslava Mihalčová, Zuzana Hajduová |
| 250 | |a 1. vyd. | ||
| 264 | 1 | |a Bratislava |b Vydavateľstvo EKONÓM |c 2014 | |
| 300 | |a CD-ROM [30 AH] | ||
| 610 | 2 | 0 | |a vzdelávanie |
| 610 | 2 | 0 | |a vyučovanie |
| 610 | 2 | 0 | |a odbory študijné |
| 610 | 2 | 0 | |a metodika |
| 100 | 1 | |a Tkáč, Michal, 1958- | |
| 700 | 1 | |a Lieskovská, Vanda, 1961- | |
| 700 | 1 | |a Andrejovský, Pavol, 1975- | |
| 700 | 1 | |a Majerník, Milan, 1952- | |
| 700 | 1 | |a Mihalčová, Bohuslava, 1963- | |
| 700 | 1 | |a Hajduová, Zuzana, 1974- | |
| 710 | 2 | |a Ekonomická univerzita v Bratislave. Podnikovohospodárska fakulta so sídlom v Košiciach | |